Peintres connus 3 - Statistiques

Statistiques générales
  • Ce quiz a été pris 8 fois
  • Le résultat moyen est 9 sur 16
Statistiques - réponses
Par images Réponse % Correct
Henri de Toulouse-Lautrec
83%
Jean-François Millet
83%
Katsushika Hokusai
83%
Amedeo Modigliani
67%
Camille Pissarro
67%
Édouard Manet
67%
Pierre Paul Rubens
67%
William Turner
67%
Albrecht Dürer
50%
Jean-Honoré Fragonard
50%
René Magritte
50%
Caspar David Friedrich
33%
Giuseppe Arcimboldo
33%
Alfred Sisley
17%
Ivan Aïvazovski
17%
John Constable
17%
Aucun quiz correspondant
Distribution des résultats
% des personnes avec chaque résultat
Percentile par nombre de réponses
Votre historique - résultats
Vous n’avez pas pris ce quiz